I.c engines and combustion, proceedings of the xvi national conference on i.c engines and combustion (Record no. 568093)

000 -LEADER
fixed length control field 00658nam a22001817a 4500
003 - CONTROL NUMBER IDENTIFIER
control field CEME
005 - DATE AND TIME OF LATEST TRANSACTION
control field 20210628202015.0
008 - FIXED-LENGTH DATA ELEMENTS--GENERAL INFORMATION
fixed length control field 210223b xxu||||| |||| 00| 0 eng d
020 ## - INTERNATIONAL STANDARD BOOK NUMBER
International Standard Book Number 81-7319-352-5
040 ## - CATALOGING SOURCE
Transcribing agency .
082 ## - DEWEY DECIMAL CLASSIFICATION NUMBER
Classification number 629.252 ICS
100 ## - MAIN ENTRY--PERSONAL NAME
Personal name Bose, P.K
9 (RLIN) 57842
245 ## - TITLE STATEMENT
Title I.c engines and combustion, proceedings of the xvi national conference on i.c engines and combustion
260 ## - PUBLICATION, DISTRIBUTION, ETC.
Place of publication, distribution, etc. NEW DELHI
Name of publisher, distributor, etc. NAROSA PUBLISHING
Date of publication, distribution, etc. 2000
300 ## - PHYSICAL DESCRIPTION
Extent XII,663P
650 ## - SUBJECT ADDED ENTRY--TOPICAL TERM
Topical term or geographic name entry element INTERNAL COMBUSTION ENGINES ALTERNATIVE FUELS ENGINE PERFORMANCE ENGINE EMISSION CONTROL MATHEMATICAL MODELLING AND SIMULATION COMBUSTION AND PROPULSION
9 (RLIN) 57843
942 ## - ADDED ENTRY ELEMENTS (KOHA)
Koha item type Book
Source of classification or shelving scheme
Holdings
Withdrawn status Lost status Damaged status Not for loan Permanent Location Current Location Shelving location Date acquired Total Checkouts Full call number Barcode Date last seen Price effective from Koha item type
        College of Electrical & Mechanical Engineering (CEME) College of Electrical & Mechanical Engineering (CEME) General Stacks 07/14/2017   629.252 ICS CEME-35360 06/28/2021 06/28/2021 Book
© 2023 Central Library, National University of Sciences and Technology. All Rights Reserved.